Name the Dessert - Statistics

General Stats
  • This quiz has been taken 91 times
  • The average score is 8 of 11
Answer Stats
Picture Answer % Correct
ice cream
96%
cookie
93%
chocolate
89%
macaron
89%
cake
86%
lollipop
84%
pie
83%
popsicle
65%
reeses
65%
licorice
62%
baklava
36%
No matching quizzes found
Score Distribution
Percent of People with Each Score
Percentile by Number Answered
Your Score History
You have not taken this quiz